000 003460000a22001570004500
003 MACL
040 _aMACL
090 _c8121
_d8120
100 _aDatta, Amaresh
245 _aEncyclopaedia Of Indian Literature
_bVol 2
260 _bSahitya Akademi
_c1988
350 _a400
650 _aEncyclopaedia
942 _cBOOK
_k403
951 _o403 BOOK
999 _c8071
_d8071